000
00195 a2200097 4500
001
10469
100
_a
Fileming, P
245
_a
Invasion 1940
260
_a
_b
Hart Davis
_c
090
_c
8089
_d
8089
942
_a
NUST-CAE
_c
M
_c
34810
999
_c
245542
_d
245542